Optimální dividendová politika

Optimálna dividendová politika - problematika správy a riadenia akciových spoločností. Spočíva v rozhodnutí, aký podiel zo zisku sa má vyplatiť držiteľom akcií a aký podiel ponechať na reinvestovanie. Konkrétny príklad.

Salvato in:
Dettagli Bibliografici
Autore principale: Smrčka, J.
Natura: Capitolo di libro
Lingua:ceco
Soggetti:
Tags: Aggiungi Tag
Nessun Tag, puoi essere il primo ad aggiungerne!!

MARC

LEADER 00000naa a2200000 4500
001 r018621
005 20221208131030.4
041 0 |a cze 
044 |a CZ 
245 1 0 |a Optimální dividendová politika  |c J. Smrčka 
520 |a Optimálna dividendová politika - problematika správy a riadenia akciových spoločností. Spočíva v rozhodnutí, aký podiel zo zisku sa má vyplatiť držiteľom akcií a aký podiel ponechať na reinvestovanie. Konkrétny príklad. 
610 2 0 |a dividendy 
610 2 0 |a spoločnosti akciové 
610 2 0 |a zisk 
610 2 0 |a výnosy 
610 2 0 |a investície 
610 2 0 |a akcie 
610 2 0 |a politika podniková 
100 1 |a Smrčka, J.